Délmagyarország. - 1973. november 18., Vasárnap
Elmentve itt :
| Dokumentumtípus: | Újság |
|---|---|
| Megjelent: |
1973-11-18
|
| Sorozat: | Délmagyarország
63 No. 270 |
| Online Access: | http://dmarchiv.bibl.u-szeged.hu/19129 |
| LEADER | 00492nas a2200145 i 4500 | ||
|---|---|---|---|
| 001 | delm19129 | ||
| 005 | 20200415081037.0 | ||
| 008 | 171215s1973 hu n o 0|| hun d | ||
| 022 | |a 0133-025X | ||
| 040 | |a SZTE Délmagyarország Archívum |b hun | ||
| 041 | |a hun | ||
| 245 | 0 | 0 | |a Délmagyarország. - 1973. november 18., Vasárnap |h [elektronikus dokumentum] |
| 260 | |c 1973-11-18 | ||
| 490 | 0 | |a Délmagyarország |v 63 No. 270 | |
| 856 | 4 | 0 | |u http://dmarchiv.bibl.u-szeged.hu/19129/1/dm_1973_270.pdf |z Dokumentum-elérés |